The world’s greatest architecture : past and present
Saved in:
| Main Author: | |
|---|---|
| Format: | Book |
| Language: | English |
| Published: |
Hermes House
2010.
|
| Tags: |
Add Tag
No Tags, Be the first to tag this record!
|
MARC
| LEADER | 00000nam a22000007a 4500 | ||
|---|---|---|---|
| 008 | 201216b ||||| |||| 00| 0 eng d | ||
| 020 | |a ISBN: 978-1-84681-949-0 | ||
| 100 | |a FIELD, D. M. | ||
| 245 | |a The world’s greatest architecture |b : past and present |c D. M. Field.- |g . 446p.; ill. | ||
| 260 | |b Hermes House |c 2010. |h London |i 691343 |i 691344 |l NA2543 .F45 |m Architecture and society | ||
| 942 | |a lcc |c BK |e Olagoke,M A |f 16/12/2020 | ||
| 952 | |0 0 |1 0 |2 lcc |4 0 |7 0 |9 613 |a HOL |b TL |c LP |d 2020-12-16 |o NA2543 .F45 |p 2020-22932 |r 2020-12-16 00:00:00 |w 2020-12-16 |y BK | ||
| 952 | |0 0 |1 0 |2 lcc |4 0 |6 NA2543 F45 |7 0 |9 614 |a HOL |b TL |c LP |d 2020-12-16 |l 0 |o NA2543 .F45 |r 2020-12-16 00:00:00 |w 2020-12-16 |y BK | ||
| 999 | |c 345 |d 345 | ||